00689cam a22002171 4500001001300000003000400013005001700017008004100034010001700075035001900092040002500111042001200136050001700148082001300165100003200178245007800210260007600288300003600364500002600400650004500426sa 66006573 DLC20260227112257.0760121s1965 vm ch 000 0 eng  asa 66006573  a(OCoLC)1939708 aDLCcOAUdOCoLCdDLC apremarc00aLA1186b.N46 a370.95971 aNguyễn, Khánh Toàn.10a20 years' development of education in the Democratic Republic of Vietnam. a[Hanoi?]bPub. House of the Ministry of Education of the D.R.V.,c1965. a 47 p.bfacsim., ports.c19 cm. aErrata slip inserted. 0aEducationzVietnam (Democratic Republic)